<?xml version="1.0" encoding="UTF-8"?>
<collection xmlns="http://www.loc.gov/MARC21/slim">
 <record>
  <leader>01737nam a2200217Ia 4500</leader>
  <controlfield tag="001">CTU_162369</controlfield>
  <controlfield tag="008">210402s9999    xx            000 0 und d</controlfield>
  <datafield tag="020" ind1=" " ind2=" ">
   <subfield code="c">27.95</subfield>
  </datafield>
  <datafield tag="082" ind1=" " ind2=" ">
   <subfield code="a">158.4</subfield>
  </datafield>
  <datafield tag="082" ind1=" " ind2=" ">
   <subfield code="b">E34</subfield>
  </datafield>
  <datafield tag="100" ind1=" " ind2=" ">
   <subfield code="a">Eikenberry, Kevin</subfield>
  </datafield>
  <datafield tag="245" ind1=" " ind2="0">
   <subfield code="a">Remarkable leadership :</subfield>
  </datafield>
  <datafield tag="245" ind1=" " ind2="0">
   <subfield code="b">Unleashing your leadership potential one skill at a time</subfield>
  </datafield>
  <datafield tag="245" ind1=" " ind2="0">
   <subfield code="c">Kevin Eikenberry</subfield>
  </datafield>
  <datafield tag="260" ind1=" " ind2=" ">
   <subfield code="a">San Francisco</subfield>
  </datafield>
  <datafield tag="260" ind1=" " ind2=" ">
   <subfield code="b">John Wiley &amp; Sons</subfield>
  </datafield>
  <datafield tag="260" ind1=" " ind2=" ">
   <subfield code="c">2007</subfield>
  </datafield>
  <datafield tag="520" ind1=" " ind2=" ">
   <subfield code="a">Predicated on the notion that leaders are not born, but are made and remade and made over again, author and consultant Eikenberry provides a guide to honing leadership skills that’s succinct and sensible, demonstrating that leading is as much about listening, asking questions and empowering others as it is about charisma and vision. Thirteen chapters enumerate what remarkable leaders do—&quot;learn continually,&quot; &quot;communicate powerfully,&quot; &quot;influence with impact,&quot; &quot;think and act innovatively,&quot; etc.—and how they do it. In hopes of narrowing the gap between those who aspire to remarkability and those who’ve already achieved it, Eikenberry provides plenty of &quot;Now Steps,&quot; exercises for evaluating and improving one’s position that can be implemented in short order. Obvious but edifying techniques include storytelling practice, journaling and building a network of well-nurtured relationships. Eikenberry also offers online resources (&quot;Bonus Bytes&quot;) tied to specific points in the text, available on the book’s web site. A solid leadership primer, this book will instruct, if not exactly inspire, anyone looking to manage others more effectively.</subfield>
  </datafield>
  <datafield tag="650" ind1=" " ind2=" ">
   <subfield code="a">Leadership</subfield>
  </datafield>
  <datafield tag="904" ind1=" " ind2=" ">
   <subfield code="i">Giang</subfield>
  </datafield>
  <datafield tag="980" ind1=" " ind2=" ">
   <subfield code="a">Trung tâm Học liệu Trường Đại học Cần Thơ</subfield>
  </datafield>
 </record>
</collection>
